|
|
|
|
| LEADER |
00000cam a22000004a 4500 |
| 001 |
musev2_86348 |
| 003 |
MdBmJHUP |
| 005 |
20230905052845.0 |
| 006 |
m o d |
| 007 |
cr||||||||nn|n |
| 008 |
120611s2012 msu o 00 0 eng d |
| 010 |
|
|
|z 2021694976
|
| 020 |
|
|
|a 9781617032486
|
| 020 |
|
|
|z 1617032476
|
| 020 |
|
|
|z 9781617032479
|
| 040 |
|
|
|a MdBmJHUP
|c MdBmJHUP
|
| 100 |
1 |
|
|a Niblett, Michael.
|
| 245 |
1 |
4 |
|a The Caribbean Novel since 1945 :
|b Cultural Practice, Form, and the Nation-State /
|c Michael Niblett.
|
| 264 |
|
1 |
|a Jackson :
|b University Press of Mississippi,
|c 2012.
|
| 264 |
|
3 |
|a Baltimore, Md. :
|b Project MUSE,
|c 0000
|
| 264 |
|
4 |
|c ©2012.
|
| 300 |
|
|
|a 1 online resource (304 pages).
|
| 336 |
|
|
|a text
|b txt
|2 rdacontent
|
| 337 |
|
|
|a computer
|b c
|2 rdamedia
|
| 338 |
|
|
|a online resource
|b cr
|2 rdacarrier
|
| 490 |
0 |
|
|a Caribbean studies series
|
| 505 |
0 |
|
|a Introduction: Cultural practice, creolization, and the nation-state -- The promise of national independence: Modernity, allegory, and sacrifice -- "The people living a life every man for himself": Problems in the postindependence body (politic) -- Literary deliriums: Cultural expression, commodity fetishism and the search for community -- From breakdown to rebirth: Ritual reconfigurations of the Nation-state -- "No pain like this body": Race, gender, and sexuality in a time of crisis.
|
| 520 |
|
|
|a The Caribbean Novel Since 1945 offers a comparative analysis of fiction from across the pan-Caribbean, exploring the relationship between literary form, cultural practice, and the nation-state. Engaging with the historical and political impact of capitalist imperialism, decolonization, class struggle, ethnic conflict, and gender relations, it considers the ways in which Caribbean authors have sought to rethink and re-narrate the traumatic past and often problematic 'postcolonial' present of the region's peoples. It pays particular attention to the role cultural practices such as stickfighting.
|
| 546 |
|
|
|a English.
|
| 588 |
|
|
|a Description based on print version record.
|
| 650 |
|
7 |
|a Postmodernism (Literature)
|2 fast
|0 (OCoLC)fst01073181
|
| 650 |
|
7 |
|a Civilization.
|2 fast
|0 (OCoLC)fst00862898
|
| 650 |
|
7 |
|a Caribbean fiction.
|2 fast
|0 (OCoLC)fst00847456
|
| 650 |
|
7 |
|a LITERARY CRITICISM
|x Caribbean & Latin American.
|2 bisacsh
|
| 650 |
|
7 |
|a BIOGRAPHY & AUTOBIOGRAPHY
|x Literary.
|2 bisacsh
|
| 650 |
|
6 |
|a Postmodernisme (Litterature)
|
| 650 |
|
6 |
|a Roman antillais
|x Histoire et critique.
|
| 650 |
|
0 |
|a Postmodernism (Literature)
|
| 650 |
|
0 |
|a Caribbean fiction
|x History and criticism.
|
| 651 |
|
7 |
|a Caribbean Area.
|2 fast
|0 (OCoLC)fst01244080
|
| 651 |
|
0 |
|a Caribbean Area
|x Civilization.
|
| 655 |
|
7 |
|a Criticism, interpretation, etc.
|2 fast
|0 (OCoLC)fst01411635
|
| 655 |
|
7 |
|a Electronic books.
|2 local
|
| 710 |
2 |
|
|a Project Muse.
|e distributor
|
| 830 |
|
0 |
|a Book collections on Project MUSE.
|
| 856 |
4 |
0 |
|z Texto completo
|u https://projectmuse.uam.elogim.com/book/86348/
|
| 945 |
|
|
|a Project MUSE - Custom Collection
|